00370nam a2200157Ia 4500003000400000008004100004040001600045082001300061100002200074245003600096260003100132300001000163650000900173650001400182650001600196GCL140319s9999 xx 000 0 eng d aGCL / cGCL04a927bS D1 aSERULLEZ, MAURICE10aDELACROIX / cSERULLEZ, MAURICE a[S.N] : bFAYARD ، c1989 a476 P04aARTS04aDELACROIX04aBIOGRAPHIES